000 00456nam a2200145Ia 4500
008 230917s9999||||xx |||||||||||||| ||und||
040 _e86073
_aMAIN
041 _aEnglish
082 _a780.954 S74S
100 _aShringy, R K
245 0 _aSangita: ratnakara of Sarangadeva:Sanskrit text and English translation with comments and notes, vol 1- treatment of svara
260 _aDelhi
_bMotilal Banarsidass
_c1978
300 _axlix, 450 p.
942 _cBK
999 _c192970
_d192970